Le grand espoir du XXe siècle

Đã lưu trong:
Sonraí Bibleagrafaíochta
Príomhúdar: Fourastié, Jean
Formáid: Leabhar
Teanga:Undetermined
Foilsithe: Paris Gallimard 1963
Ábhair:
Clibeanna: Cuir Clib Leis
Gan Chlibeanna, Bí ar an gcéad duine leis an taifead seo a chlibeáil!
Thư viện lưu trữ: Trung tâm Học liệu Trường Đại học Cần Thơ
LEADER 00490nam a2200193Ia 4500
001 CTU_85885
008 210402s9999 xx 000 0 und d
082 |a 303.49 
082 |b F773 
100 |a Fourastié, Jean 
245 0 |a Le grand espoir du XXe siècle 
245 0 |c Jean Fourastié 
260 |a Paris 
260 |b Gallimard 
260 |c 1963 
650 |a Forecasts 
650 |x Social change 
904 |i Năm 
980 |a Trung tâm Học liệu Trường Đại học Cần Thơ